| 000 | 00525nam a2200169Ia 4500 | ||
|---|---|---|---|
| 003 | GCL | ||
| 008 | 140319s9999 xx 000 0 ara d | ||
| 040 |
_aGCL / _cGCL |
||
| 082 | 0 | 4 |
_a956.905 _bر ا |
| 100 | 1 | _aرضا سلمان | |
| 245 | 1 | 0 |
_a"اسرائيل - 1984 احداث ومواقف ""10""" / _cرضا سلمان |
| 260 |
_a[S.N] : _bمؤسسة الدراسات الفلسطينية ، _c1985 |
||
| 300 | _a230 ص | ||
| 490 |
_aسلسلة كتب تسجيلية _v0 |
||
| 650 | 0 | 4 | _aاسرائيل |
| 942 |
_2ddc _cBK |
||
| 999 |
_c53876 _d53876 |
||